Finaliste della UEFA Champions League - Morte improvvisa - Statistics

Statistiche generali
  • Questo quiz è stato fatto 1.489 volte
  • Il punteggio medio è 13 su 25
Answers on the Grid
Answers color-coded by a green-red scale on the quiz's grid according to % correct below.
Real Madrid
Milan
Bayern Monaco
Liverpool
Barcellona
Ajax
Juventus
Manchester United
Chelsea
Benfica
Nottingham Forest
Porto
Celtic
Amburgo
Steaua Bucurest
Aston Villa
PSV Eindhoven
Atlético Madrid
Stade de Reims
Panathinaikos
Borussia Mönchengladbach
Malmö
Roma
Sampdoria
Tottenham
Hertha Berlino
Kaiserslautern
Schalke 04
RB Lipsia
Stoccarda
Siviglia
Deportivo La Coruña
Villarreal
Athletic Bilbao
Lille
Bordeaux
Auxerre
Newcastle United
Blackburn Rovers
Napoli
Lazio
Atalanta
AZ Alkmaar
Spartak Mosca
CSKA Mosca
Anderlecht
Galatasaray
Young Boys
Göteborg
Olympiacos
Glasgow Rangers
 
Statistiche sulle risposte
Risposta % Corretto
Chelsea
73%
Juventus
72%
Milan
72%
Barcellona
71%
Bayern Monaco
71%
Liverpool
71%
Real Madrid
71%
Ajax
70%
Manchester United
69%
Atlético Madrid
67%
Porto
63%
Benfica
61%
Nottingham Forest
57%
Sampdoria
57%
Tottenham
56%
Celtic
51%
Steaua Bucurest
50%
Aston Villa
47%
Amburgo
46%
Roma
46%
PSV Eindhoven
45%
Stade de Reims
21%
Borussia Mönchengladbach
17%
Malmö
12%
Panathinaikos
10%
Nessun quiz corrispondente trovato
Distribuzione punteggi
Percentuale di utenti per punteggio
Percentile per numero di risposta
I tuoi punteggi nel tempo
Non hai fatto questo quiz